Modelovanie vplyvu prostredia podniku na budúci rozvoj malých a stredných stavebných podnikov na východnom Slovensku dizertačná práca

Guardado en:
Detalles Bibliográficos
Autor principal: Demjanová, Lucia, 1981-
Autor Corporativo: Ekonomická univerzita v Bratislave. Podnikovohospodárska fakulta so sídlom v Košiciach
Otros Autores: Čarnický, Štefan
Formato: Libro
Lenguaje:eslovaco
Publicado: Košice 2008
Materias:
Etiquetas: Agregar Etiqueta
Sin Etiquetas, Sea el primero en etiquetar este registro!

MARC

LEADER 00000nam$a2200000$$$4500
001 0083842
005 20240502071937.0
041 0 |a slo 
044 |a SK 
245 1 0 |a Modelovanie vplyvu prostredia podniku na budúci rozvoj malých a stredných stavebných podnikov na východnom Slovensku  |b dizertačná práca  |c Lucia Demjanová ; škol. Štefan Čarnický 
264 1 |a Košice  |c 2008 
300 |a [120] s. 
610 2 0 |a podnik 
610 2 0 |a podnik malý 
610 2 0 |a podnik stredný 
610 2 0 |a podnik stavebný 
610 2 0 |a modelovanie 
610 2 0 |a Slovensko 
100 1 |a Demjanová, Lucia, 1981- 
700 1 |a Čarnický, Štefan 
710 2 |a Ekonomická univerzita v Bratislave. Podnikovohospodárska fakulta so sídlom v Košiciach